Responses for Show #6524 - Thursday, January 17, 2013

Contestants

[<< previous game]

Diva Bole, a law student from Elkton, Maryland

Helen Juvonen, an actor from Toronto, Canada

Joan Blinn, a retired proofreader and editor from Chicago, Illinois (whose 1-day cash winnings total $17,000)

[next game >>]

Jeopardy! Round responses

FOOD WORDS & PHRASES
THE STORY OF ENGLISH
DVD SPECIAL FEATURES
THE CITY IN QUESTION
WHERE'D YOU GO TO COLLEGE?
TITLE CHANGES
(Alex: You have to correct the word that we have changed in the titles of these books.)
    $200 7
egg

Joan
    $200 1
European

Helen
    $200 26
Casablanca

Helen
    $200 14
Nuremberg

Helen
    $200 21
Duke

Joan
    $200 2
night

Joan
    $400 9
ham

Joan
    $400 8
(Joan: What is English?)
(Alex: Be more specific.)
(Joan: Uh, what's ang--uh..)
(Helen: What is British?)

Anglo-Saxon (or Old English)

JoanHelenDiva
    $400 27
the Corleone family

Diva
    $400 16
London

Helen
    $400 22
Harvard

Joan
    $400 3
Garp

Helen
    $600 12
apple pie

Joan
    $600 10
vowel

Joan
    $1,200 28
(Diva: Um... I have no idea.)

Reds

Diva
    $600 18
Stockholm

Helen
    $600 23
Notre Dame

Diva
    $600 4
flies

Helen
    $800 15
stew

Joan
    $800 11
a dictionary

Helen
    $800 29
Stand By Me

Helen
    $800 19
Lynchburg (lemonade)

Triple Stumper
    $800 24
Stanford

Diva
    $800 5
eternity

Helen
    $1000 17
pone

Helen
    $1000 13
(Diva: What is the ss--18th century?)
...
(Alex: [*], yes, the 1800s.)

the 19th century

JoanDiva
    $1000 30
True Grit

Joan
    $1000 20
Prague

Joan
    $1000 25
Northwestern

Joan
    $1000 6
God

Helen

Scores at the first commercial break (after clue 15):

Joan Helen Diva
$3,400 $3,600 -$600

Scores at the end of the Jeopardy! Round:

Joan Helen Diva
$7,000 $6,600 $0

Double Jeopardy! Round responses

SOCIAL MEDIA
"RR" CROSSING
MAURITANIA & MOROCCO
THE DAILY SHOW ALUMNI
THE RENAISSANCE
THIS MEANS WAR!
(Alex: But which war? You tell us.)
    $400 16
Twitter

Helen
    $400 2
currency

Joan
    $400 23
France

Helen
    $400 1
(Stephen) Colbert

Helen
    $400 7
da Vinci

Joan
    $400 21
WWI

Helen
    $800 17
LinkedIn

Helen
    $800 3
ferry

Joan
    $800 25
moor

Helen
    $800 12
(Steve) Carell

Helen
    $800 8
Hebrew

Joan
    $800 22
the Spanish-American War

Joan
    $1200 18
MIT

Helen
    $1200 4
hemorrhage

Joan
    $1200 27
the crescent moon

Diva
    $1200 13
W.

Diva
    $1200 9
Nostradamus

Joan
    $1200 24
the Korean War

Joan
    $1600 19
Pinterest

Helen
    $1600 5
barrister

Helen
    $3,000 29
Algeria

Joan
    $1600 14
Lewis Black

Diva
    $1600 10
Thomas More

Diva
    $1600 26
the Yom Kippur War

Joan
    $2000 20
[Applause for Helen's run of the category]

Foursquare

Helen
    $2000 6
Lorraine

Helen
    $2000 30
Sahara

Helen
    $2000 15
Craig Kilborn

Triple Stumper
    $2,000 11
(Diva: Well, it worked out so well last time. Um, I'll go for $2,000.)
...
(Diva: Uh, what is the lyre?)
(Alex: Oh, no. What is [*], [*], not the lyre. So you're at -$400.)
(Diva: Sweet.)

the lute

Diva
    $2000 28
the Franco-Prussian War

Joan

Scores at the end of the Double Jeopardy! Round:

Joan Helen Diva
$20,400 $21,000 $3,600

[wagering suggestions for these scores]

Final Jeopardy! Round responses

19th CENTURY LITERARY INTRODUCTIONS
(Alex: [In a Bela Lugosi accent] Ah, yes...Diva...we will come to you first.)
(Diva: Oh.)
(Alex: Oh, yes!)
[Laughter]
...
[After Helen's final score is displayed]
(Alex: A big, big payday for the young Canadian actress. What a game! Wow! Congratulations!)
DivaWho is...the vicar of som ?
$0
JoanWho is Dracula?
$20,000
HelenWho is Dracula?
$19,801
Dracula

Final scores:

Joan Helen Diva
$40,400 $40,801 $3,600
2nd place: $2,000 New champion: $40,801 3rd place: $1,000

Game dynamics:

Coryat scores:

Joan Helen Diva
$19,000 $21,000 $6,800
23 R
(including 1 DD),
1 W
25 R,
1 W
8 R,
3 W
(including 2 DDs)

Combined Coryat: $46,800

[game clues] [game scores] [suggest correction]

Game tape date: 2012-10-16
The J! Archive is created by fans, for fans. Scraping, republication, monetization, and malicious use prohibited; this site may use cookies and collect identifying information. See terms. The Jeopardy! game show and all elements thereof, including but not limited to copyright and trademark thereto, are the property of Jeopardy Productions, Inc. and are protected under law. This website is not affiliated with, sponsored by, or operated by Jeopardy Productions, Inc. Join the discussion at JBoard.tv.